000 00531nam a2200217Ia 4500
008 220204s9999 xx 000 0 und d
082 _a577.113
_bHAL.2
100 _aDavies, Jeffrey W
245 0 _aNucleic acid in plants. V 2.
260 _aFlorida
_bCRC Press
_c1979
650 _aBacterial plasmid
650 _aDNA
650 _aGenetic engineering
650 _aNucleic acid
650 _aPlant virus
650 _aRNA
650 _aSomatic cell
650 _aViroids
700 _aHall, Timothy C
942 _cBK
999 _c35573
_d35573